James Bond Timeline - Statistics

General Stats
  • This quiz has been taken 21 times
  • The average score is 13 of 22
Answer Stats
Picture Answer % Correct
Casino Royale
88%
Dr. No
88%
Goldfinger
88%
Quantum of Solace
81%
The Man with the Golden Gun
81%
(From) A View to a Kill
75%
From Russia with Love
75%
Live and Let Die
75%
Moonraker
75%
Thunderball
75%
Diamonds Are Forever
69%
Octopussy
69%
On Her Majesty's Secret Service
69%
For Your Eyes Only
63%
The Spy Who Loved Me
63%
You Only Live Twice
63%
Colonel Sun
19%
Property of A Lady
19%
Trigger Mortis
19%
007 in New York
13%
Risico
13%
The Hildebrand Rarity
13%
No matching quizzes found
Score Distribution
Percent of People with Each Score
Percentile by Number Answered
Your Score History
You have not taken this quiz